000 nam a22 a 4500
999 _c45815
_d45815
003 BLK
005 20230419163141.0
008 180408b bul|||||r ||||||| ||bul||
010 _aKNG00049614000
020 _a954-8051-24-9
040 _aBLK
041 _aBUL
_cBUL
080 _aАнглийска литература
_b821.111
_x-312.4
_z821.111-312.4
100 1 _aЧейс, Джеймс Хадли
_eпърви автор
_9241644
139 _aЧейс, Джеймс Хадли
_bЧ 49
245 1 0 _aПо-смъртоносна от мъж
_bКримин. роман
_cДжеймс Хадли Чейс; прев. от англ. Ирена Чуканова.
257 _aGBR
260 _aСофия
_bАнанда
_c1993
300 _a270 с.
_c20 см
380 _aX
500 _aОриг. загл. More Deadly Than Man / James Hadley Chase. - Офс. изд. - 15 000 тир.
653 _aкрими
700 1 _aЧуканова, Ирена
_eпрев. от англ.
_9142336
852 _aЦб 173360
_bЦб
856 4 _qpdf
_i0.00
_ldisable
856 4 _qpdf
_i0.00
_ldisable
942 _cKNG
_n0
_s1
944 _aCR
_c22.04.2005
_kНаталия_Медовщикова
944 _aED
_c12.12.2006
999 _d45815